000
00297pam a2200133 a 4500
020
_c
041
_h
082
_a
658.404
_b
MAY
100
_a
MAYLOR, HARVEY.
245
_a
PROJECT MANAGEMET
_h
Textual Documents
260
_a
NEW DELHI
_b
PERSON EDUCATION
_c
2003
300
_a
291
930
_a
13601
999
_c
133027
_d
133027